01964nam a22003135i 45000010009000000050017000090080041000260100017000670200018000840200018001020410008001200420008001280820017001361000022001532450059001752600038002342630009002722640051002813000023003323360026003553370028003813380027004095201119004366500045015557000018016007000020016187000006016387000006016442298530320250407125625.0230223s2023 cau 000 0 eng  a 2023933271 a9781529770575 a9781529770582 aeng apcc a658.4012 VOL1 aVolberda, Henk W,10aStrategic Management: Confrontation to Transformation  aNew DelhibSage Publicationc2024 a2311 1aThousand Oaks :bSAGE Publications Ltd,c2023. a623;. pages: 24 cm atextbtxt2rdacontent aunmediatedbn2rdamedia avolumebnc2rdacarrier a"Change challenges leaders, managers and strategists, and demands that they confront their new realities. This book offers a fresh, reader-friendly, challenging and provocative perspective on strategic management, detailing the 'confront-sense-choose-transform' process stages, which begins with confronting business challenges and addressing several strategy tensions between theory and practice. In the continued quest for temporary advantage organizations need strategic capabilities to sense, choose and transform. The clear process stage model of strategic management and an action-oriented why-how structure help students and practitioners of strategy - from first year undergraduates to Executive MBA - to confront the new 'now' - fast, iterative and innovative. With each chapter dedicated to up-to-date theories of strategic management and specific practices from businesses around the world, illustrations and sets of activities that trigger the senses with rich supporting materials, this book will help grow readers' knowledge and experience of developing and implementing strategy in the real world"-- aGeneral Management; Strategic Management1 aHollen, Rick,1 aPereira, Joana,1 a 1 a